Wird geladen...

Mandrikappucha /

Bibliographische Detailangaben
Weitere Verfasser: Muhammad Basheer,, Vaikam
Format: Printed Book
Veröffentlicht: Kottayam: D C Books, 2009.
Schlagworte:
LEADER 00516cam a2200157ua 4500
008 100608t2009||||||||||| 00 ||||| c
082 |a M894.812 3  |b MUH/M 
245 1 0 |a Mandrikappucha /  
260 |a Kottayam:  |b D C Books,  |c 2009. 
300 |a 107p.. 
362 1 |a 2009. 
650 0 |a Malayalam novel 
700 0 2 |a Muhammad Basheer,, Vaikam 
942 |c BK 
999 |c 22199  |d 22199 
952 |0 0  |1 0  |4 0  |6 M_894_812000000000000_3_MUH  |7 0  |9 23530  |a KUCL  |b KUCL  |d 2014-05-23  |l 14  |m 3  |o M894.812 3 MUH/  |p 22676  |r 2020-03-06  |s 2020-02-20  |w 2014-05-23  |y BK